000 02724nam a2200433 c 4500
003 BLK
005 20240229004023.0
008 180410b bul|||||r ||||||| ||bul||
010 _aKNG00162496000
020 _a978-954-09-0250-0
_bиздат.: Захарий Стоянов
040 _aBLK
041 _aBUL
_cBUL
072 7 _2bullib
_aН84
_xБългарска художествена литература Н
080 _aБългарска литература
_b821.163.2
_x-8
_z821.163.2-8
100 1 _aВойников, Добри Попвасилев
_eпърви автор
_9366761
700 1 _aЛеков, Дочо Николов
_e*
_9363707
700 1 _aКуманов, Милен Костадинов
_9364365
700 1 _aЧилингиров, Стилиян Хаджидобрев
_d1881-1962
_9410962
700 1 _aГранитски, Иван
_qДимитров, Иван Йорданов
_d1953-
_gЖурналист, литературен критик, теоретик и историк, поет, публицист и издател.
_eсъстав.
_955767
139 _aВойников, Добри Попвасилев
_bВ 80
245 1 0 _aКриворазбраната цивилизация
_cДобри Попвасилев Войников; състав. Иван Гранитски; * Дочо Николов Леков; * Милен Костадинов Куманов; * Стилиян Хаджидобрев Чилингиров.
257 _aBGR
260 София
_bЗахарий Стоянов
_c2008
_fСофия : Образование и наука
300 _a363 с.
_c20 см
380 _aX
490 1 _aПоредица Българска класика
500 _aИван Гранитски - псевд. на Иван Йорданов Димитров. - Съдържа и Редове от биографията / Милен Куманов ; Живот - творчество - идеи / Стилиян Чилингиров ; Длъжност към отечеството и народа ни / Дочо Леков. - Офс. изд. Съдържа : Диалози, драми ; Райна Княгиня ; Криворазбраната цивилизация ; Стихотворения ; Литературна теория и критика ; Фейлетони ; Статии
653 _aдрами
653 _aстихотворения
653 _aфейлетони
653 _aстатии
659 _aН
852 _aЦб 269496
856 4 _qpdf
_u
856 4 _qpdf
_u
942 _cKNG
_n0
_02
944 _aCR
_c27.06.2014
_lCRON CRON
_k
944 _aED
_c06.08.2014
_lф /
_k
999 _c155768
_d155768